| 000 | 00741nam a2200217Ia 4500 | ||
|---|---|---|---|
| 003 | IN-BaIIA | ||
| 008 | 211028s9999 xx 000 0 eng d | ||
| 020 | _a0-85274-533-8 | ||
| 040 | _cIIA Library | ||
| 080 |
_a620.17 _bSIL |
||
| 100 |
_aSilk, M. G. _916488 |
||
| 245 | 4 |
_aThe reliability of non-destructive inspection _bassessing the assessment of structures under stress _cM. G. Silk, A. M. Stoneham and J. A. G. Temple |
|
| 260 |
_aBristol _bAdam Hilger _c1987 |
||
| 300 | _axiii, 207p. | ||
| 650 |
_aMaterials tests _916489 |
||
| 650 | _aNASA thesaurus | ||
| 650 |
_aNondestructive tests _916490 |
||
| 700 |
_aStoneham, A. M _916491 |
||
| 700 |
_aTemple, J. A. G _916492 |
||
| 942 | _cBK | ||
| 999 |
_c9744 _d9744 |
||